000 00728nam a2200241Ia 4500
008 160319s9999 xx 000 0 und d
020 _a971-08-1246-7
050 _aFIL PE 1130
050 _b.F5D44 1973
100 _aDe Guzman, Maria Odulio.
245 _aGrammar and idioms self-taught /
245 _cMaria Odulio De Guzman.
260 _aMandaluyong:
260 _bNational Book Store,
260 _c1973
300 _a347 pages :
300 _billustrations ;
300 _c18 cm.
500 _aIncludes bibliographical references and index.
650 _aEnglish language -- Grammar.
650 _aEnglish language -- Study and teaching.
650 _xEnglish languange -- Idioms, corrections, errors.
999 _c291732
_d291732